القدوة الحسنة و دورها التأثيري في الدعوة الإسلامية /
Saved in:
| 主要作者: | |
|---|---|
| 其他作者: | |
| 格式: | Thesis |
| 语言: | Arabic |
| 出版: |
Petaling Jaya, Selangor :
al-Jami'ah al-Islamiyah al-'Alamiyah,
1995
|
| 主题: | |
| 在线阅读: | http://studentrepo.iium.edu.my/handle/123456789/8634 |
| 标签: |
添加标签
没有标签, 成为第一个标记此记录!
|
| LEADER | 022500000a22004210004500 | ||
|---|---|---|---|
| 001 | 134966 | ||
| 005 | 20100329144000.0 | ||
| 008 | 960702s1995 my g 000 0 ara d | ||
| 035 | |a 455471 | ||
| 035 | |a (Sirsi) 134966 | ||
| 040 | |a UIAM |b eng | ||
| 049 | |b m | ||
| 050 | |a BP190.5.L4 | ||
| 100 | 1 | |a لنجاساء، سالم يونس | |
| 242 | 1 | 3 | |a al-Qudwah al-hasanah wa-dawruha al-ta'thiri fi al-da'wah al-Islamiyah |
| 245 | 1 | 2 | |a القدوة الحسنة و دورها التأثيري في الدعوة الإسلامية / |c سالم بن يونس لنجاساء |
| 260 | 1 | |a Petaling Jaya, Selangor : |b al-Jami'ah al-Islamiyah al-'Alamiyah, |c 1995 | |
| 300 | |a 141 p. ; |c 31 cm. | ||
| 500 | |a "Bahth takmili li-mutatallabat nayl darajat al-Majistir fi ma'arif al-wahy wa-al- turath al-islami."--On t.p. | ||
| 502 | |a Thesis (M.A.)--al-Jami'ah al-Islamiyah al-'Alamiyah Maliziya, Kulliyat Ma'arif al-Wahy wa-al-'Ulum al-Insaniyah, 1995 | ||
| 504 | |a Includes bibliographical references (p. 136-141). | ||
| 533 | |a one copy. | ||
| 596 | |a 1 | ||
| 650 | 0 | |a Leadership |x Religious aspects Islam | |
| 650 | 0 | |a Da'wah | |
| 650 | 0 | |a Exempla, Islamic | |
| 650 | 0 | |a Ethics, Islamic | |
| 655 | 0 | 7 | |a Theses, IIUM local |
| 690 | 0 | |a Dissertations, Academic |x Department of Usuluddin and Comparative Religion |z IIUM | |
| 700 | 1 | 0 | |a Lingasa, Salem Yunos |
| 710 | 2 | |a International Islamic University Malaysia. |b Department of Usuluddin and Comparative Religion | |
| 856 | 4 | |u http://studentrepo.iium.edu.my/handle/123456789/8634 | |
| 900 | |a afa-smh-naw | ||
| 999 | |c 430962 |d 462453 | ||
| 952 | |0 0 |6 LU T BP 190.5 L4 L755Q 1995 |7 0 |8 THESES |9 750570 |a IIUM |b IIUM |c CLOSEACCES |g 0.00 |o lu t BP 190.5 L4 L755Q 1995 |p 00000455476 |r 2017-10-24 |t 2 |v 0.00 |y THESIS | ||
| 952 | |0 0 |6 LU T BP 190.5 L4 L755Q 1995 |7 0 |8 THESES |9 750571 |a IIUM |b IIUM |c CLOSEACCES |g 0.00 |o lu t BP 190.5 L4 L755Q 1995 |p 00011275232 |r 2017-10-24 |t 3 |v 0.00 |y THESIS | ||
| 952 | |0 0 |6 T BP 190.5 L4 L755Q 1995 |7 0 |8 THESES |9 750572 |a IIUM |b IIUM |c MULTIMEDIA |g 0.00 |o t BP 190.5 L4 L755Q 1995 |p 00010981616 |r 2017-10-19 |t 1 |v 0.00 |y THESIS | ||
| 952 | |0 0 |6 TS CDF BP190.5L4L755Q 1995 |7 0 |8 THESES |9 796186 |a IIUM |b IIUM |c MULTIMEDIA |g 0.00 |o ts cdf BP190.5L4L755Q 1995 |p 11100325685 |r 2017-10-26 |t 1 |v 0.00 |y THESISDIG | ||
